000 00362nam a2200157Ia 4500
003 OSt
005 20240326122444.0
008 170524s9999 xx 000 0 und d
020 _a9788173912542
040 _cIIMTU MEERUT
100 _aNegi - Jagmohan
245 0 _afood and Beverage Management
260 _bKanishka Pub.
260 _c2005
942 _2ddc
_c02
999 _c6649
_d6649